000 00404nam a22001457a 4500
005 20170720145250.0
008 170720b xxu||||| |||| 00| 0 eng d
040 _cPK-LaUMT
082 _aZIAC 297.081
_bABD-A
100 _aAbdullah Tariq , Muhammad
245 _aAzmat momin/
_c Muhammad Abdullah Tariq
260 _aنئی دہلی:
_bانسٹی ٹیوٹ آف ،
_c[ ]
300 _a27 ص
942 _cBK
999 _c95416
_d95416